Das Bundeskabinett - Statistiken

Allgemein
  • Dieses Quiz wurde 40 mal gespielt
  • Das Durchschnittsergebnis liegt bei 10 aus 18
Antwortstatistiken
Hint Antwort % Korrekt
Bundesminister der Verteidigung (SPD) Boris Pistorius
93%
Bundeskanzler (CDU) Friedrich Merz
93%
Bundesminister der Finanzen (SPD) Lars Klingbeil
83%
Bundesminister des Innern (CSU) Alexander Dobrindt
79%
Bundesminister des Auswärtigen (CDU) Dr. Johann Wadephul
79%
Bundesministerin für Arbeit und Soziales (SPD) Bärbel Bas
66%
Bundesministerin für Forschung, Technologie und Raumfahrt (CSU) Dorothee Bär
62%
Bundesministerin für Wirtschaft und Energie (CDU) Katherina Reiche
55%
Bundesminister für Landwirtschaft, Ernährung und Heimat (CSU) Alois Rainer
48%
Bundesministerin der Justiz und für Verbraucherschutz (SPD) Dr. Stefanie Hubig
45%
Bundesminister für besondere Aufgaben/Chef des Bundeskanzleramts (CDU) Thorsten Frei
45%
Bundesminister für Digitales und Staatsmodernisierung (CDU) Dr. Karsten Wildberger
38%
Bundesministerin für Bildung, Familie, Senioren, Frauen und Jugend (CDU) Karin Prien
38%
Bundesminister für Verkehr (CDU) Patrick Schnieder
38%
Bundesministerin für Gesundheit (CDU) Nina Warken
34%
Bundesminister für Umwelt, Klimaschutz, Naturschutz und nukleare Sicherheit (SPD) Carsten Schneider
31%
Bundesministerin für Wohnen, Stadtentwicklung und Bauwesen (SPD) Verena Hubertz
31%
Bundesministerin für wirtschaftliche Zusammenarbeit und Entwicklung (SPD) Reem Alabali Radovan
28%
Keine übereinstimmenden Quizze gefunden
Verteilung der Resultate
Anzahl Personen mit jedem Resultat
Perzentil nach korrekt beantworteten Fragen
Ihre Resultats-Entwicklung
Sie haben dieses Quiz noch nicht gespielt